| 000 | 00364nam a2200145Ia 4500 | ||
|---|---|---|---|
| 008 | 130318s9999 xx 000 0 und d | ||
| 020 | _a9788126513949 | ||
| 082 | _a005.5M GIL/M | ||
| 100 | _aGilat, Amot | ||
| 245 | _aMATLAB:An introduction with applications | ||
| 260 |
_bWiley _aNew Delhi _c2004 |
||
| 300 | _a296 | ||
| 650 | _aMATLAB | ||
| 650 | _aPROGRAM DESIGN | ||
| 999 |
_c2310 _d2310 |
||